Jak dobře znáš peníze? Osobnosti na českých mincích a bankovkách - Statistics

General Stats
  • This quiz has been taken 345 times
  • The average score is 8 of 9
Answer Stats
Picture Hint Answer % Correct
5000 Kč Tomáš Garrigue Masaryk
99%
500 Kč Božena Němcová
97%
200 Kč Jan Amos Komenský
95%
100 Kč Karel IV.
95%
2000 Kč Ema Destinnová
89%
20 Kč Sv. Václav
88%
1000 Kč František Palacký
86%
50 Kč - dnes již nepoužívaná Sv. Anežka Česká
67%
20 Kč - dnes již nepoužívaná Přemysl Otakar I.
40%
No matching quizzes found
Score Distribution
Percent of People with Each Score
Percentile by Number Answered
Your Score History
You have not taken this quiz